| 000 | 00365nam a22001217a 4500 | ||
|---|---|---|---|
| 999 |
_c3060 _d3060 |
||
| 008 | 200319b ||||| |||| 00| 0 eng d | ||
| 100 |
_92542 _aSubramaniam, H. |
||
| 245 | 1 | 0 |
_aShip stability, trim and cargo calculations, Part - I / _cBy H. Subramaniam. |
| 260 |
_aMumbai: _bVijaya Publications, _c2009. |
||
| 300 | _a159p. | ||
| 650 | 0 | _aStability of ships | |
| 942 | _cBK | ||